| 000 | 01306cam a2200313 i 4500 | ||
|---|---|---|---|
| 001 | 3280326 | ||
| 003 | EG-ScBUE | ||
| 005 | 20260421103247.0 | ||
| 008 | 821008t1983 enka f b 100 0 eng d | ||
| 020 | _z0126445508 | ||
| 040 |
_aDLC _beng _erda _cDLC _dDLC _dEG-ScBUE |
||
| 082 | 0 | 4 |
_a574.9 _bEVO _222 |
| 245 | 0 | 0 |
_aEvolution, time and space : _bthe emergence of the biosphere / _cedited by R. W. Sims, J. H. Price, P. E. S. Whalley. |
| 264 | 1 |
_aLondon : _bThe Systematics Association by Academic Press, _c[1983] |
|
| 264 | 4 | _cc1983 | |
| 300 |
_axiii, 492 pages : _billustrations ; _c24 cm. |
||
| 336 |
_2rdacontent _atext _btxt |
||
| 337 |
_aunmediated _2rdamedia _bn |
||
| 338 |
_avolume _bnc _2rdacarrier |
||
| 490 | 0 |
_aThe Systematics Association ; _vvolume 23 |
|
| 500 | _a"Proceedings of a symposium on biogeography organized with the British Museum (Natural History), London 6-10 April 1981, on the occasion of the centenary of the museum"--P. facing t.p. | ||
| 504 | _aIncludes bibliographical references. | ||
| 650 | 7 |
_aBiogeography _xCongresses. _2BUEsh _96466 |
|
| 655 | _vReading book | ||
| 700 | 1 |
_aSims, R. W. _q(Reginald William), _d1926- _eeditor. _96467 |
|
| 700 | 1 |
_aPrice, J. H. _q(James Henry) _eeditor. _96468 |
|
| 700 | 1 |
_aWhalley, Paul Ernest Sutton. _eeditor. _96469 |
|
| 942 |
_2ddc _cBB |
||
| 999 |
_c11900 _d11900 |
||